000 00787nam a2200241Ia 4500
999 _c45373
_d45373
001 12197
003 GE_BSU
005 20221118111739.0
008 181216s2013en xx |||||||||||||| ||eng||
020 _a9780803626829 x
040 _cGE_BSU
041 _aeng
080 _a616.15 H-29
100 _aHarmening,Denise m.
_915913
245 _aModern Blood Banking Of Transfusion Practices /
_cDenise m, Harmening
250 _aSixth Edition.
264 _aPhiladelphia :
_bF.A.Davis Company,
_c2012.
300 _a648 p.:
_bill;
_c28cm.
653 _aModern Blood Banking Of Transfusion Practices.
653 _aსისხლის გადასხმის თანამედროვე პრაქტიკა.
653 _aმედიცინა
942 _cBK
_2udc